000 00199 a2200097 4500
001 10105
100 _aHyman, S.
245 _aAmerican president, the
260 _a
_bOdhams
_c
090 _c7856
_d7856
942 _aNUST-CAE
_cM
_c34551
999 _c245178
_d245178